000 00453nam a22001697a 4500
003 NUST
005 20260415121039.0
008 260415b ||||| |||| 00| 0 eng d
020 _a978-0471220374
082 _a551
_bFLE
100 _aCharles Fletcher.
_927731
245 _aPhysical Geology:The science of Earth /
_cCharles Fletcher.
260 _aUSA:
_bJohn Wiley,
_c2011.
300 _a679 p ;
_c36.00 cm
563 _aPaperback
942 _2ddc
_cBK
999 _c617075
_d617075